000
00270nam a2200097 a 4500
005
20201002034447.0
008
130911s2004 000 spa d
245
0
_a
Anuario estadistico de la República Dominicana del año 1938.
260
_a
s. l.,
_c
s.f.
999
_c
40386
_d
40386
040
_a
DO-SdBNP